Small animal dermatology : A color atlas and therapeutic guide

This clinical reference summarizes the symptoms, diagnosis, and treatment of 188 skin problems and diseases commonly seen in cats and dogs. Hundreds of color photographs illustrate the clinical presentation. Originally published as Color atlas of small animal dermatology in 2001; the second edition...

Full description

Saved in:
Bibliographic Details
Main Author: Medleau, Linda
Format: Book
Language:Undetermined
Published: London Saunders Elsevier, 2006
Subjects:
Tags: Add Tag
No Tags, Be the first to tag this record!
Institutions: Trung tâm Học liệu Trường Đại học Cần Thơ
LEADER 01074nam a2200229Ia 4500
001 CTU_152186
008 210402s9999 xx 000 0 und d
020 |c 1944000 
082 |a 636.708965 
082 |b M488 
100 |a Medleau, Linda 
245 0 |a Small animal dermatology : 
245 2 |b A color atlas and therapeutic guide 
245 0 |c Linda Medleau, Keith A. Hnilica 
260 |a London 
260 |b Saunders Elsevier, 
260 |c 2006 
520 |a This clinical reference summarizes the symptoms, diagnosis, and treatment of 188 skin problems and diseases commonly seen in cats and dogs. Hundreds of color photographs illustrate the clinical presentation. Originally published as Color atlas of small animal dermatology in 2001; the second edition adds a final chapter of post-treatment images and suggested readings at the end of each chapter. Annotation ©2006 Book News, Inc., Portland, 
650 |a Dogs,Chó,Cats 
650 |x Diseases,Bệnh,Diseases 
904 |i Thu Ba +Chuyen 
980 |a Trung tâm Học liệu Trường Đại học Cần Thơ